01332nam a22002897a 4500003000400000005001700004008003900021020001800060040002500078082002300103100004600126245007600172260004800248300002000296490003200316500007000348590002700418650003600445650003900481830003400520910004600554942001400600952013200614952014100746952013800887999001701025OSt20210325123502.0100322s2017 pr 000 0 spa d a9789945581973 aDO-SdBNPbspacBNPHU 4aPR863.5bR696r2221 aRodríguez, Luis Antonio ,937920d1970-10aRush hour y otros relatos para leer en tren /cLuis Antonio Rodríguez aSan Juan, Puerto Rico :bIsla Negra,c2017. a67 p. :c23 cm.1 aEl rostro y la máscara ;  aIncluye datos biográficos del autor en la solapa de la cubierta aInventariado, 2021/ YL 4aCuentos puertorriqueños 9250 4aLiteratura puertorriqueña 9249 0aEl rostro y la máscara9251 aYL, 2021/Validado. Control de calidad MFF 2ddccLBS1 00102ddc718MOaBNPHUbGRcHDd2017-05-11eEditora Búhol0oBNPHU GR PR863.5 R696rp2021-1238r2021-03-25w2021-03-25yLBS1 00102ddc718MOaBNPHUbBNPHUcHDd2017-05-11eEditora Búhol0oBNPHU GR PR863.5 R696rp2021-1239r2021-03-25te. 2w2021-03-25yLBS1 00102ddc758MOaBNPHUbGRcHDd2017-05-11eEditora Búhol0oBNPHU GR PR863.5 R696rp2021-1240r2021-03-25te. 3w2021-03-25yLBS1 c49687d49687